000 00623nam a2200277Ia 4500
005 20260324150838.0
008 008 260324s9999 xx 000 0 eng d
020 _a9781003435440
037 _aEBOOK
040 _aCRL
040 _beng
040 _cCRL
041 _2eng
041 _aeng
084 _qCRL
100 _aL. W. Fox
_91227822
245 4 _aThe Modern English Prison
260 _bTaylor and Francis
260 _c1934
365 _a
365 _b160
856 _uhttp://www.taylorfrancis.com/books/9781003435440
942 _cEBOOK
999 _c1837990
_d1837990